000 00760nam a22002177a 4500
003 NALT
005 20250818221617.0
008 231127b th ||||| |||| 00| 0 tha d
020 _a9786160044955
040 _aNALT
100 0 _962208
_aแพรณัฐ
245 1 0 _aสื่อรักฮัสกี /
_cแพรณัฐ
_h[electronic resource]
260 _aกรุงเทพฯ :
_bพิมพ์คำ,
_c2565.
300 _aOnline resource
650 4 _96428
_aนวนิยายไทย
850 _aNALT
856 4 0 _uhttps://ebook.parliament.go.th/ebookall/detail/434169
_zE-Book
942 _cEBK
996 _achunbijaya.r
_bCATSTF
_c2023-11-27
999 _c103899
_d103899
998 _j25
_k นีลวัสน์ อินทรักษา